The World of Captain John Smith / (Record no. 14630)

MARC details
000 -LEADER
fixed length control field 00623nam a22002052 4500
001 - CONTROL NUMBER
control field 0000011826
005 - DATE AND TIME OF LATEST TRANSACTION
control field 20151217160125.0
008 - FIXED-LENGTH DATA ELEMENTS--GENERAL INFORMATION
fixed length control field 090112s xx 000 0 eng d
040 ## - CATALOGING SOURCE
Original cataloging agency KABU
Transcribing agency KABU
100 1# - MAIN ENTRY--PERSONAL NAME
Personal name Foster, Genevieve.
-- 0000167845
245 14 - TITLE STATEMENT
Title The World of Captain John Smith /
Statement of responsibility, etc. Genevieve Foster.
250 ## - EDITION STATEMENT
Edition statement 1st ed.
260 ## - PUBLICATION, DISTRIBUTION, ETC. (IMPRINT)
Place of publication, distribution, etc. New York :
Name of publisher, distributor, etc. Scribner,
Date of publication, distribution, etc. 1959.
300 ## - PHYSICAL DESCRIPTION
Extent 406 p.
600 10 - SUBJECT ADDED ENTRY--PERSONAL NAME
Personal name Smith, John,
Dates associated with a name 1580-1631.
-- 0000167846
650 #0 - SUBJECT ADDED ENTRY--TOPICAL TERM
Topical term or geographic name as entry element History, Modern
Chronological subdivision 17th century.
-- 0000167847
852 1# - LOCATION
-- p500 KES
908 ## - PUT COMMAND PARAMETER (RLIN)
Put command parameter 090112
950 ## - LOCAL HOLDINGS (RLIN)
-- 1
Holdings
Withdrawn status Lost status Source of classification or shelving scheme Not for loan Home library Current library Date acquired Total Checkouts Full call number Barcode Date last seen Price effective from Koha item type
    Library of Congress Classification   Kabarak, Main Campus Kabarak, Main Campus 17/12/2015   D247 .F67 1959 c. 1 16033 17/12/2015 17/12/2015 Children Collection
Designed with assistance from East African Informatics Ltd